000 00842nam a2200217Ia 4500
005 20241129111009.0
008 241129s9999||||xx |||||||||||||| ||und||
037 _aTB
040 _aCRL
_bpun
_cCRL
041 _apun
_2pun
084 _aQ8441xK21 153R1
_qCRL
100 _aਸਿੰਘ, ਮਹਿਲ, ਥਦ।
245 0 _aਸ੍ਰੀ ਗੁਰੂ ਤੇਗ ਬਹਾਦਰ: ਬਾਣੀ ਅਤੇ ਸ਼ਹਾਦਤ ਦਾ ਗੌਰਵ
_cਸਿੰਘ, ਮਹਿਲ, ਥਦ।
260 _aਅੰਮ੍ਰਿਤਸਰ, ਭਾਰਤ
_bਅੰਮ੍ਰਿਤਸਰ ਰਵੀ ਸਾਹਿਤ ਪ੍ਰਕਾਸ਼ਨ
_c2021
300 _a280ਪ੍ਰ0
365 _aINR
_b380
546 _aTranslated from English to Punjabi.
650 _aSikhismReligion
942 _cTB
_hQ8441xK21 153R1
999 _c1228454
_d1228454